000
00162nam a22000857a 4500
082
_a
823
100
_a
HEFIER, RICHARD
245
_a
KISS ME, I AM VULTURE
942
_c
BK
999
_c
8140
_d
8140